000 00698nam a2200205Ii 4500
003 JO-AjNU
008 230605s9999||||xx |||||||||||||| ||und||
017 _a2010/834
040 _aJO-AjNU
_bara
_erda
_cJO-AjNU
041 _aara
050 1 4 _aJX1990.2010
100 3 _a عطروش، عبد الحكيم محسن ,
_eauthor
_947813
245 0 0 _aالاختصاص القضائي الدولي للمحاكم اليمنية وتنفيذ الأحكام الأجنبية
250 _aط1
264 3 1 _aصنعاء : مركز عبادي للدراسات ، 2010
300 _a153ص
336 _atext
_btxt
_2rdacontent
337 _aunmediated
_bn
_2rdamedia
338 _avolume
_bnc
_2rdacarrier
999 _aA20898
_c24466
_d24466